Michael Vey: (Record no. 48180)
| 000 -LEADER | |
|---|---|
| fixed length control field | 00712nam a2200145 4500 |
| 020 ## - INTERNATIONAL STANDARD BOOK NUMBER | |
| International Standard Book Number | 9781481444118 |
| 100 ## - MAIN ENTRY--PERSONAL NAME | |
| Personal name | Evans, Richard Paul. |
| 245 ## - TITLE STATEMENT | |
| Title | Michael Vey: |
| Remainder of title | storm of lightning / |
| Statement of responsibility, etc | Richard Paul Evans. |
| 260 ## - PUBLICATION, DISTRIBUTION, ETC. (IMPRINT) | |
| Place of publication, distribution, etc | New York: |
| Name of publisher, distributor, etc | Mercury Ink; |
| Date of publication, distribution, etc | 2016. |
| 300 ## - PHYSICAL DESCRIPTION | |
| Extent | 271 p. |
| Dimensions | 23 cm. |
| 490 ## - SERIES STATEMENT | |
| Series statement | Michael Vey; Bk. 5 |
| 520 ## - SUMMARY, ETC. | |
| Summary, etc | "Michael and the rest of the Electroclan are facing their greatest crisis yet. The resistance movement has been compromised, and they have no idea if their families are alive... or dead. What they do know is that the Elgen wont's stop until they've destroyed the Electroclan."--Back cover<br/> |
| 650 ## - SUBJECT ADDED ENTRY--TOPICAL TERM | |
| Topical term or geographic name as entry element | Dictatorship. Gifted children. |
| Form subdivision | Fiction. |
| 9 (RLIN) | 85930 |
| 942 ## - ADDED ENTRY ELEMENTS (KOHA) | |
| Source of classification or shelving scheme | |
| Koha item type | J FIC BOOKS |
| Withdrawn status | Lost status | Source of classification or shelving scheme | Damaged status | Not for loan | Collection code | Home library | Current library | Shelving location | Date acquired | Total Checkouts | Full call number | Barcode | Date last seen | Date checked out | Price effective from | Koha item type |
|---|---|---|---|---|---|---|---|---|---|---|---|---|---|---|---|---|
| SECONDARY | Asian Hope Secondary Library | Asian Hope Secondary Library | Junior Fiction | 01/13/2025 | 1 | J FIC EVA BK.5 | 207411 | 02/24/2026 | 09/16/2025 | 01/13/2025 | J FIC BOOKS |